| 000 | 00488nam a2200169 i 4500 | ||
|---|---|---|---|
| 001 | 149929 | ||
| 003 | ES-MaACL | ||
| 005 | 20230906203320.0 | ||
| 007 | t| | ||
| 008 | 071025s1967 sp ||||1| spa d | ||
| 100 | 1 |
_aVander, Adrianus. _9113059 |
|
| 245 | 1 | 0 |
_aDolores, reumatismo... / _cA. Vander. |
| 260 |
_aBarcelona : _bSintes, _c1967. |
||
| 300 |
_a143 p., 8 lám. ; _c19 cm. |
||
| 650 | 4 |
_aReumatismo- _xTratamiento . _9166042 |
|
| 852 |
_aES-MaACL _jC-31720 _bR.62313 |
||
| 999 |
_c149929 _d149929 |
||